NLSUI OPAC header image

Geneva conventions of August 12 1949 (Record no. 39356)

MARC details
000 -LEADER
fixed length control field 01168nam a2200205Ia 4500
003 - CONTROL NUMBER IDENTIFIER
control field OSt
005 - DATE AND TIME OF LATEST TRANSACTION
control field 20201020114750.0
008 - FIXED-LENGTH DATA ELEMENTS--GENERAL INFORMATION
fixed length control field 160316s1949 xxu||||| |||| 00| 0 eng d
040 ## - CATALOGING SOURCE
Transcribing agency nls
082 ## - DEWEY DECIMAL CLASSIFICATION NUMBER
Classification number 341.650000
Item number GEN-7
100 ## - MAIN ENTRY--PERSONAL NAME
Personal name
245 ## - TITLE STATEMENT
Title Geneva conventions of August 12 1949
260 ## - PUBLICATION, DISTRIBUTION, ETC.
Place of publication, distribution, etc. Geneva
Name of publisher, distributor, etc. I C R C
Date of publication, distribution, etc. 1949
300 ## - PHYSICAL DESCRIPTION
Extent 245p
365 ## - TRADE PRICE
Price amount Gratis
505 ## - FORMATTED CONTENTS NOTE
Formatted contents note Contents : <br/>Geneva Convention for the Amelioration of the Condition of the Wounded and Sick in Armed Forces in the Field of 12 August 1949 --<br/>Geneva Convention for the Amelioration of the Condition of Wounded, Sick and Shipwrecked Members of Armed Forces at Sea of 12 August 1949 --<br/>Geneva Convention Relative to the Treatment of Prisoners of War of 12 August 1949 --<br/>Geneva Convention Relative to the Protection of Civilian Persons in Time of War of 12 August 1949.<br/>Geneva Convention Relative to the Treatment of Prisoners of War of 12 August 1949 --<br/>Geneva Convention Relative to the Protection of Civilian Persons in Time of War of 12 August 1949.
650 ## - SUBJECT ADDED ENTRY--TOPICAL TERM
Topical term or geographic name entry element 1. Geneva Conventions - 1949 - Protocols - August 12 2. Humanitarian Law
700 ## - ADDED ENTRY--PERSONAL NAME
Personal name
--
942 ## - ADDED ENTRY ELEMENTS (KOHA)
Source of classification or shelving scheme Dewey Decimal Classification
Koha item type BOOKs
Holdings
Withdrawn status Lost status Damaged status Not for loan Home library Current library Shelving location Date acquired Total Checkouts Full call number Barcode Date last seen Price effective from Koha item type
        . . NAB Compactor 30.05.2017   341.65 GEN-7 33332 30.05.2017 30.05.2017 BOOKs